|
|
|
|
| LEADER |
01564nam a2200337 4500 |
| 001 |
DLU110116529 |
| 005 |
##20110223 |
| 040 |
# |
# |
|a DLU
|b vie
|
| 041 |
# |
# |
|a vie
|
| 044 |
# |
# |
|a vn
|
| 082 |
# |
# |
|a 621.381
|b NG-T
|
| 100 |
# |
# |
|a Nguyễn Văn Tuệ.
|
| 245 |
# |
# |
|a Thực hành điện - Điện một chiều & xoay chiều /
|c Nguyễn Văn Tuệ.
|
| 246 |
# |
# |
|a Thực hành điện - Điện một chiều và xoay chiều
|
| 260 |
# |
# |
|a Tp. HCM :
|b Đại học Quốc gia,
|c 2010.
|
| 300 |
# |
# |
|a 207 tr. :
|b minh hoạ ;
|c 24 cm.
|
| 505 |
# |
# |
|a Chương 1. Các đơn vị điện và từ -- Chương 2. Khí cụ đo -- Chương 3. Các mạch DC cơ bản -- Chương 4. Phân tích mạch điện một chiều -- Chương 5. Linh kiện điện trở -- Chương 6. Pin và acquy -- Chương 7. Từ tính -- Chương 8. Các cơ sở điện xoay chiều -- Chương 9. Tính cảm ứng -- Chương 10. Điện dung -- Chương 11. Pha -- Chương 12. Cảm kháng -- Chương 13. Dung kháng.
|
| 505 |
# |
# |
|a Chương 14. Tổng trở và tổng dẫn trong mạch xoay chiều -- Chương 15. Phân tích mạch RLC -- Chương 16. Công suất và cộng hưởng trong mạch AC -- Chương 17. Máy biến áp và sự thích ứng tổng trở.
|
| 653 |
# |
# |
|a Dòng điện
|
| 653 |
# |
# |
|a Kỹ thuật điện
|
| 923 |
# |
# |
|a 15/2010
|
| 991 |
# |
# |
|a GT
|
| 992 |
# |
# |
|a 36000
|
| 994 |
# |
# |
|a DLU
|
| 900 |
# |
# |
|a True
|
| 911 |
# |
# |
|a Đào Thị Thu Huyền
|
| 925 |
# |
# |
|a G
|
| 926 |
# |
# |
|a A
|
| 927 |
# |
# |
|a SH
|
| 980 |
# |
# |
|a Thư viện Trường Đại học Đà Lạt
|